Southville International School and Colleges
Your cart is empty.
  • Cart
  • Lists
    Public lists Eva Luna New books Lux_list list_1
    Your lists Log in to create your own lists
  • Log in to your account
  • Your cookies
  • Search history
Southville International School and Colleges
  • Advanced search
  • Recent comments
  • Most popular
  • Libraries

Log in to your account

Log in with GOOGLE


If you do not have an external account, but do have a local account, you can still log in:

  1. Home
  2. MARC view: Essentials of nursing research :
Normal view MARC view ISBD view

Essentials of nursing research : (Record no. 24954)

[ view plain ]
MARC details
000 -LEADER
fixed length control field 00783nam a2200241 a 4500
003 - CONTROL NUMBER IDENTIFIER
control field PILC
005 - DATE AND TIME OF LATEST TRANSACTION
control field 20150827092049.0
008 - FIXED-LENGTH DATA ELEMENTS--GENERAL INFORMATION
fixed length control field 111017s19uu xx 00 eng d
010 ## - LIBRARY OF CONGRESS CONTROL NUMBER
LC control number 2004027850
020 ## - INTERNATIONAL STANDARD BOOK NUMBER
International Standard Book Number 9780781777643
050 ## - LIBRARY OF CONGRESS CALL NUMBER
Classification number RT 81.5
Item number .P63 2006
100 ## - MAIN ENTRY--PERSONAL NAME
Personal name Polit, Denise F.
245 ## - TITLE STATEMENT
Title Essentials of nursing research :
Remainder of title methods, appraisal, and utilization /
Statement of responsibility, etc Denise F. Polit, Cheryl Tatano Beck.
250 ## - EDITION STATEMENT
Edition statement 6th edition.
260 ## - PUBLICATION, DISTRIBUTION, ETC. (IMPRINT)
Place of publication, distribution, etc Philadelphia :
Name of publisher, distributor, etc Lippincott Williams & Wilkins,
Date of publication, distribution, etc 2006.
300 ## - PHYSICAL DESCRIPTION
Extent xii, 554 pages :
Other physical details illustrations ;
Dimensions 23 cm.
500 ## - GENERAL NOTE
General note Includes bibliographical references and index.
650 ## - SUBJECT ADDED ENTRY--TOPICAL TERM
Topical term or geographic name as entry element Nursing
General subdivision Research
650 ## - SUBJECT ADDED ENTRY--TOPICAL TERM
Topical term or geographic name as entry element Nursing Research
700 ## - ADDED ENTRY--PERSONAL NAME
Personal name Beck, Cheryl Tatano
942 ## - ADDED ENTRY ELEMENTS (KOHA)
Koha item type Books
Source of classification or shelving scheme Library of Congress Classification
Call number prefix Foreign
Holdings
Withdrawn status Lost status Source of classification or shelving scheme Damaged status Home library Current library Shelving location Date acquired Source of acquisition Total Checkouts Full call number Barcode Date last seen Copy number Price effective from Koha item type Sub Shelving location
    Library of Congress Classification   Archives Archives   12/12/2013 Donation   RT 81.5 .P63 2006 C13793 05/15/2018 1 12/12/2013 Books  
    Library of Congress Classification   College Library College Library General Circulation Section 08/27/2015 Donation   RT 81.5 .P63 2006 C19835 05/15/2018   08/27/2015 Books  

Essentials of nursing research :

APA

Polit D. F., Beck C. T., . (2006). Essentials of nursing research. Philadelphia: Lippincott Williams & Wilkins.

Chicago

Polit Denise F, Beck Cheryl Tatano, . 2006. Essentials of nursing research. Philadelphia: Lippincott Williams & Wilkins.

Harvard

Polit D. F., Beck C. T., . (2006). Essentials of nursing research. Philadelphia: Lippincott Williams & Wilkins.

MLA

Polit Denise F, Beck Cheryl Tatano, . Essentials of nursing research. Philadelphia: Lippincott Williams & Wilkins. 2006.

  • Place hold
  • Print
  • Cite
  • Add to your cart (remove)
  • Save record
    BIBTEX Dublin Core MARCXML MARC (non-Unicode/MARC-8) MARC (Unicode/UTF-8) MARC (Unicode/UTF-8, Standard) MODS (XML) RIS
  • More searches
    Search for this title in:
    Other Libraries (WorldCat) Other Databases (Google Scholar) Online Stores (Bookfinder.com) Open Library (openlibrary.org)

Exporting to Dublin Core...

SOUTHVILLE LIBRARY

Southville International School and Colleges Library

1281 Tropical Ave. Cor. Luxembourg St., BF Homes International, Las Pinas City

Tel. No. 8256374 / 252358 Loc. 117/146

Powered by Koha